Projeto teláris: (Record no. 75268)

MARC details
000 -LÍDER
campo de controle de tamanho fixo 00347 a2200157 4500
001 - NÚMERO DE CONTROLE
campo de controle 75268
020 ## - ISBN - INTERNATIONAL STANDARD BOOK NUMBER
ISBN - International Standard Book Number 9788508172726
040 ## - FONTE DA CATALOGAÇÃO
Instituição que transcreveu o registro Anchieta - Colégio São Paulo
100 ## - ENTRADA PRINCIPAL--NOME PESSOAL
Nome pessoal Dante, Luiz Roberto
240 10 - TÍTULO UNIFORME
Título uniforme Projeto teláris:
Idioma da obra por
245 10 - TÍTULO
Título Projeto teláris:
300 ## - DESCRIÇÃO FÍSICA
Extensão 360
362 0# - DATAS DE PUBLICAÇÃO E/OU DESIGNAÇÃO SEQUENCIAL
Datas de publicação e/ou designação sequencial 2015
650 #4 - ASSUNTO--TERMO TÓPICO
Cabeçalho tópico ou nome geográfico Matemática
942 ## - ELEMENTOS DE ENTRADA ADICIONADOS (KOHA)
Tipo de material Koha Livros
Holdings
Situação do descarte Situação das perdas Situação física Não pode ser emprestado Biblioteca de origem Biblioteca atual Data de aquisição Total de empréstimos Número de chamada completo Código de barras Data de último acesso Data do preço efetivo Tipo de material Koha
        Canadian School of Niterói - Piratininga Canadian School of Niterói - Piratininga 09/02/2024     A14970 09/02/2024 09/02/2024 Livros
        Canadian School of Niterói - Piratininga Canadian School of Niterói - Piratininga 09/02/2024     A14990 09/02/2024 09/02/2024 Livros
        Colégio São Paulo Colégio São Paulo 22/11/2023   510 D192 6651/CSP 22/11/2023 22/11/2023 Livros